Responses for Show #7222 - Tuesday, January 26, 2016

Contestants

[<< previous game]

Gerry Matatics, a speaker and writer from Scranton, Pennsylvania

Sonam Shah, a healthcare consultant originally from Greenville, South Carolina

Fred Vaughn, an Internet operations technician from Mineral Point, Wisconsin (whose 2-day cash winnings total $36,300)

[next game >>]

Jeopardy! Round responses

THE NORTHERNMOST STATE CAPITAL
(Alex: We'll give you a list.)
SCIENCE UPDATE
RADIO
HOUSE PROUD
SPORTS CENTER
"E-S-P-N"
(Alex: Each correct response will begin with an "E", and it'll be followed by "S-P-N", but not necessarily bunched up together.)
    $200 4
Bismarck

Fred
    $200 6
(Sonam: What is a minute?)

second

FredSonam
    $200 5
call sign (or call letters)

Sonam
    $200 25
an igloo

Sonam
    $200 1
Babe Ruth

Gerry
    $200 2
exasperation

Fred
    $400 3
Salem

Fred
    $400 8
laundry

Fred
    $400 13
playlist

Sonam
    $400 26
(Fred: What is a recreational vehicle?)

a mobile home

Fred
Triple Stumper
    $400 7
(John) Elway

Sonam
    $400 17
EspaƱa

Fred
    $600 10
Oklahoma City

Sonam
    $600 14
Jupiter

Sonam
    $600 21
a sound bite

Sonam
    $2,000 27
shotguns

Sonam
    $600 9
the Kentucky Derby

Fred
    $600 18
espionage

Gerry
    $800 11
Concord

Sonam
    $800 15
leukemia

Sonam
    $800 24
to queue

Gerry
    $800 28
a public house

Gerry
    $800 22
the National Hockey League

Fred
    $800 19
Esperanto

Gerry
    $1000 12
Des Moines

Fred
    $1000 16
(Fred: Uh, what are neutrinos?)

black holes

Fred
Triple Stumper
    $1000 30
drive time

Fred
    $1000 29
cliff dwellings

Triple Stumper
    $1000 23
Klay Thompson

Fred
    $1000 20
an esplanade

Gerry

Scores at the first commercial break (after clue 15):

Fred Sonam Gerry
$3,000 $3,600 $200

Scores at the end of the Jeopardy! Round:

Fred Sonam Gerry
$4,800 $6,400 $4,200

Double Jeopardy! Round responses

RECENT AFRICAN HISTORY
MUSIC
A LITTLE ALLITERATION
TV SHOWS BY CHARACTERS
(Alex: We'll give you the characters.)
IRISH PLAYWRIGHTS
ALWAYS READY: THE U.S. COAST GUARD
    $400 13
Ebola

Gerry
    $400 11
"Rhapsody In Blue"

Fred
    $400 1
femme fatale

Gerry
    $400 3
Sleepy Hollow

Sonam
    $400 26
James Joyce

Fred
    $400 19
Amelia Earhart

Sonam
    $800 15
the African National Congress

Fred
    $800 12
(Giuseppe) Verdi

Fred
    $800 2
a daily double

Fred
    $800 4
Welcome Back, Kotter

Sonam
    $800 27
(William Butler) Yeats

Gerry
    $800 20
Charleston

Sonam
    $1200 18
Muammar Gaddafi

Fred
    $1200 14
oboe

Fred
    $1200 6
plum pudding

Gerry
    $1200 5
Agents of S.H.I.E.L.D.

Fred
    $1200 28
Colin Farrell

Triple Stumper
    $1200 21
Prohibition

Sonam
    $1600 24
Boko Haram

Fred
    $1600 16
La Gioconda (La Gioconde accepted)

Gerry
    $1600 7
laugh lines

Sonam
    $1600 8
Law & Order

Fred
    $2,000 29
(Gerry: [No response])

Samuel Beckett

Gerry
    $1600 22
(Alex) Haley

Sonam
    $2000 25
Egypt

Fred
    $2000 17
(Carl) Orff

Fred
    $3,000 10
sans serif

Sonam
    $2000 9
Veep

Sonam
    $2000 30
Sean O'Casey

Gerry
    $2000 23
(Sonam: What is Midway?)

Guadalcanal

FredSonam

Scores at the end of the Double Jeopardy! Round:

Fred Sonam Gerry
$20,800 $16,200 $8,600

[wagering suggestions for these scores]

Final Jeopardy! Round responses

20th CENTURY AMERICA
(Alex: [To Fred] The first part was "[*], we've had a problem.")
GerryWhat is ?
$8,598
SonamWhat is Philadelphia?
$12,201
FredWhat is Los Angeles?
$7,500
Houston

Final scores:

Fred Sonam Gerry
$13,300 $3,999 $2
3-day champion: $49,600 2nd place: $2,000 3rd place: $1,000

Game dynamics:

Coryat scores:

Fred Sonam Gerry
$20,800 $13,800 $10,600
24 R,
2 W
19 R
(including 2 DDs),
2 W
12 R,
1 W
(including 1 DD)

Combined Coryat: $45,200

[game clues] [game scores] [suggest correction]

Game tape date: 2015-12-15
The J! Archive is created by fans, for fans. Scraping, republication, monetization, and malicious use prohibited; this site may use cookies and collect identifying information. See terms. The Jeopardy! game show and all elements thereof, including but not limited to copyright and trademark thereto, are the property of Jeopardy Productions, Inc. and are protected under law. This website is not affiliated with, sponsored by, or operated by Jeopardy Productions, Inc. Join the discussion at JBoard.tv.